| 000 -LEADER |
| fixed length control field |
00369nam a2200157Ia 4500 |
| 003 - CONTROL NUMBER IDENTIFIER |
| control field |
OSt |
| 005 - DATE AND TIME OF LATEST TRANSACTION |
| control field |
20200109154146.0 |
| 008 - FIXED-LENGTH DATA ELEMENTS--GENERAL INFORMATION |
| fixed length control field |
190802s9999 xx 000 0 und d |
| 020 ## - INTERNATIONAL STANDARD BOOK NUMBER |
| International Standard Book Number |
978-9699807022 |
| 040 ## - CATALOGING SOURCE |
| Language of cataloging |
English |
| Transcribing agency |
MAJU |
| 100 ## - MAIN ENTRY--PERSONAL NAME |
| Personal name |
Abu Yahya |
| 245 #0 - TITLE STATEMENT |
| Title |
When life begins |
| 260 ## - PUBLICATION, DISTRIBUTION, ETC. (IMPRINT) |
| Place of publication, distribution, etc |
Pakistan |
| Name of publisher, distributor, etc |
Inzaar Publications |
| Date of publication, distribution, etc |
2011 |
| 300 ## - PHYSICAL DESCRIPTION |
| Extent |
256:p |
| 942 ## - ADDED ENTRY ELEMENTS (KOHA) |
| Koha item type |
Books |
| Source of classification or shelving scheme |
|